000 01286nam a2200337Ia 4500
001 ebr10080886
003 CaPaEBR
006 m u
007 cr cn|||||||||
008 020524s2001 enk sb 001 0 eng d
010 _z 2002283116
020 _z076196181X
020 _z0761961828 (PBK.)
040 _aCaPaEBR
_cCaPaEBR
035 _a(OCoLC)614756340
050 1 4 _aHV11
_b.Q27 2001eb
245 0 0 _aQualitative research in social work
_h[electronic resource] /
_c[edited by] Ian Shaw and Nick Gould.
260 _aLondon :
_bSage,
_c2001.
300 _axi, 233 p.
490 1 _aIntroducing qualitative methods
504 _aIncludes bibliographical references (p. [203]-224) and indexes.
533 _aElectronic reproduction.
_bPalo Alto, Calif. :
_cebrary,
_d2009.
_nAvailable via World Wide Web.
_nAccess may be limited to ebrary affiliated libraries.
650 0 _aSocial service
_xResearch
_xMethodology.
650 0 _aQualitative research.
655 7 _aElectronic books.
_2local
700 1 _aShaw, Ian,
_d1945-
700 1 _aGould, Nick.
710 2 _aebrary, Inc.
830 0 _aIntroducing qualitative methods.
856 4 0 _uhttp://site.ebrary.com/lib/rucke/Doc?id=10080886
_zAn electronic book accessible through the World Wide Web; click to view
999 _c55536
_d55536